Score 0/50 Timer 10:00
0 Plays Today
Empire % Correct
British Empire
90.8%
Roman Empire
89.7%
Second French Colonial Empire
88.4%
Russian Empire
88.1%
Spanish Empire
84.8%
Nazi Germany
82.6%
United States of America
81.1%
Mongol Empire
79.6%
Ottoman Empire
77.8%
Alexander's Macedonian Empire
76.7%
Japanese Empire
73.7%
Portuguese Empire
73.5%
Afsharid Dynasty
63.2%
Dutch Empire
63.2%
Achaemenid Empire (Persian)
62.6%
Sassanid Empire (Persian)
62.6%
Italian Empire
61.3%
Empire of Brazil
45.2%
Mexican Empire
43.4%
Ming Empire
39.1%
Han Empire
30.9%
Qing Empire
29.8%
Mughal Empire
23.5%
Tang Empire
20.8%
Attila's Hunnic Empire
20.6%
Empire % Correct
Abbasid Caliphate
19%
Umayyad Caliphate
18.2%
Northern Yuan Dynasty (China)
15.7%
Timurid Empire
11.9%
Tufan Empire
11.1%
Golden Horde Khaganate
10.9%
Gupta Empire
10.8%
Maurya Empire, India
10.3%
Fatimid Caliphate
9.7%
Seleucid Empire
9%
Rashidun Caliphate
8.9%
Great Seljuq Empire
8.6%
Xin Dynasty
7.4%
Göktürk Khaganate
6.7%
Western Turks Khanate
6.7%
Eastern Turks Khanate
6.5%
Ilkhanate
6.2%
Uyghur Khaganate
5.9%
Pala Empire, India
5.4%
Chola Dynasty
5.1%
Xiongnu Empire
4.9%
Hepthalite Khanate (White Huns), India
4.8%
Kushan Empire
4.6%
Rouran Khaganate
4.3%
Khwarazmian Empire
3.6%

You're not logged in!

Compare scores with friends on all Sporcle quizzes.
OR
Log In

Sporcle TV

Today on Sporcle TV


Watch our educational content, quiz creation guides, and fun videos on Sporcle TV.

Show Comments

Extras

Top Quizzes Today


Score Distribution

Paid Content

Your Account Isn't Verified!

In order to create a playlist on Sporcle, you need to verify the email address you used during registration. Go to your Sporcle Settings to finish the process.

Report this User

Report this user for behavior that violates our Community Guidelines.

Details: